Państwa, które należą do ASEAN - Statystyki

Ogólne statystyki
  • Ten quiz został rozwiązany 91 razy
  • Średni wynik to 9 z 10
Statystyki odpowiedzi
Państwo % Poprawnych
Indonezja
95%
Tajlandia
95%
Kambodża
92%
Laos
92%
Malezja
92%
Mjanma
92%
Wietnam
92%
Filipiny
88%
Singapur
88%
Brunei
83%
Nie znaleziono quizów pasujących do podanych kryteriów
Rozkład punktacji
Procent ludzi z każdym wynikiem
Percentyl według liczby udzielonych odpowiedzi
Twoja historia wyników
Nie rozwiązałeś tego quizu